Emergiendo
Wedi'i Gadw mewn:
| Prif Awdur: | |
|---|---|
| Fformat: | Llyfr |
| Iaith: | Undetermined |
| Cyhoeddwyd: |
Managua, Nicaragua
Enlace
1995
|
| Pynciau: | |
| Tagiau: |
Ychwanegu Tag
Dim Tagiau, Byddwch y cyntaf i dagio'r cofnod hwn!
|
MARC
| LEADER | 00000nam a2200000Ia 4500 | ||
|---|---|---|---|
| 008 | 170316s9999 xx 000 0 und d | ||
| 040 | |a cru BVZT | ||
| 090 | |a 860 R-11e | ||
| 100 | |a Rivas, María Amanda | ||
| 245 | |a Emergiendo | ||
| 260 | |a Managua, Nicaragua | ||
| 260 | |b Enlace | ||
| 260 | |c 1995 | ||
| 300 | |a 20 páginas | ||
| 650 | |a LITERATURA LATINOAMERICANA | ||
| 999 | |c 9124 |d 9124 | ||
| 942 | |c 15 D |h 860 R-11e |2 z | ||
